00922nam a22002414i 4500001001900000003000400019005001700023008004100040017004500081020001800126040002900144245017900173264003800352300002700390490002600417504001700443650004600460650002700506650005300533700003100586700003000617700003300647991061134830306706OSt20240718170739.0240530e202405 spc|||||||||||||| ||spa|c aDL. B.9640-2024bBiblioteca de Catalunya a9788411660457 aES-BaUOCbcaterdacCDMR00aRepresentaciones de género, igualdad y diversidad en los medios de comunicación /cMaría Jesús Ruiz Muñoz, Valeriano Durán Manso, Rocío de la Maya Retamar (eds) 1aBarcelona :bEditorial UOC,c2024 a201 pàgines ;c24 cm1 aComunicación ;v730 aBibliografia 0aMitjans de comunicació de massa i dones 0aDones en el periodisme 0aSexisme en els mitjans de comunicació de massa1 aRuiz Muñoz, Maria Jesus,1 aDurán Manso, Valeriano,1 aMaya Retamar, Rocío de la,